Preparation, Characterization and Application of Activated Carbon for Arsenic Separation from Water / (Record no. 81989)
[ view plain ]
| 000 -LEADER | |
|---|---|
| fixed length control field | 01151nam a2200265 a 4500 |
| 001 - CONTROL NUMBER | |
| RUCL Control Number | 81989 |
| 003 - CONTROL NUMBER IDENTIFIER | |
| rucl marc code | BD-RjUL |
| 005 - DATE AND TIME OF LATEST TRANSACTION | |
| control field | 20231108130019.0 |
| 008 - FIXED-LENGTH DATA ELEMENTS--GENERAL INFORMATION | |
| fixed length control field | 230925s2013 bg a|||| m||| 00| 0 eng d |
| 035 ## - SYSTEM CONTROL NUMBER | |
| system control number | (BD-RjUL)81989 |
| 040 ## - CATALOGING SOURCE | |
| Original cataloging agency | BD-RjUL |
| Language of cataloging | eng |
| Transcribing agency | BD-RjUL |
| Modifying agency | BD-RjUL |
| 041 ## - LANGUAGE CODE | |
| Language code of Book | eng |
| 082 ## - DEWEY DECIMAL CLASSIFICATION NUMBER | |
| DDC Edition number | 23 |
| Classification number | 628.1 |
| Author mark and Year | JAP 2013 |
| 100 ## - MAIN ENTRY--PERSONAL NAME | |
| Personal name | JAHAN, ISRAT |
| 9 (RLIN) | 9191 |
| 245 10 - TITLE STATEMENT | |
| Title | Preparation, Characterization and Application of Activated Carbon for Arsenic Separation from Water / |
| Statement of responsibility, etc | ISRAT JAHAN ; |
| Name of Supervisor/Co-Supervisor | Supervisor : Md. Sahedur Rahman,Co-Supervisor : Md. Asadullah & A. T. M. Kamrul Hassan |
| 260 ## - PUBLICATION, DISTRIBUTION, ETC. (IMPRINT) | |
| Place of publication, distribution, etc | Rajshaji : |
| Name of publisher, distributor, etc | Department of Applied Chemistry and Chemical Engineering, University of Rajshahi, |
| Date of publication, distribution, etc | 2013 |
| 300 ## - PHYSICAL DESCRIPTION | |
| Pagination | xxv, 224 leaves : |
| Other physical details | ill.; |
| Dimensions | 29 cm. |
| 502 ## - DISSERTATION NOTE | |
| Dissertation note | Thesis(Ph.D.)-- Department of Applied Chemistry and Chemical Engineering,University of Rajshahi,2013 |
| 504 ## - BIBLIOGRAPHY, ETC. NOTE | |
| Bibliography, etc | References : Leaves 204-224 |
| 650 ## - SUBJECT ADDED ENTRY--TOPICAL TERM | |
| Topical term or geographic name as entry element | Water Supply |
| General subdivision | Arsenic Separation |
| Form subdivision | Carbon |
| 9 (RLIN) | 9192 |
| 700 ## - ADDED ENTRY--SUPERVISOR/CO-SUPERVISOR NAME | |
| Personal name | Rahman, Md. Sahedur, Supervisor |
| 9 (RLIN) | 9193 |
| Personal name | Asadullah, Md. Co-Supervisor |
| 9 (RLIN) | 9194 |
| Personal name | Hassan, A. T. M. Kamrul, Co-Supervisor |
| 9 (RLIN) | 9195 |
| 942 ## - ADDED ENTRY ELEMENTS (KOHA) | |
| Source of classification or shelving scheme | Dewey Decimal Classification |
| Koha item type | Theses |
| Source of classification or shelving scheme | Damaged status | Not for loan | Collection code | Permanent Location | Current Location | Shelving location | Date of accession | Source of acquisition | Total Checkouts | Full call number | Barcode | Date last seen | Copy number | Thesis |
|---|---|---|---|---|---|---|---|---|---|---|---|---|---|---|
| Dewey Decimal Classification | Not For Loan | Theses | Central Library, University of Rajshahi | Central Library, University of Rajshahi | Documentation Section | 18/12/2014 | Controller of Exam. R.U. | THE 628.1 JAP 2013 | D3721 | 25/09/2023 | C-1 | Theses |